සුභසූත්ර සන්නය (Record no. 77986)
[ view plain ]
| 000 -LEADER | |
|---|---|
| fixed length control field | 00435nam a2200169Ia 4500 |
| 003 - CONTROL NUMBER IDENTIFIER | |
| control field | LK-CoDNM |
| 005 - DATE AND TIME OF LATEST TRANSACTION | |
| control field | 20230822102607.0 |
| 008 - FIXED-LENGTH DATA ELEMENTS--GENERAL INFORMATION | |
| fixed length control field | t xxu||||| |||| 00| 0 sin d |
| 040 ## - CATALOGING SOURCE | |
| Original cataloging agency | LK-CoDNM |
| Modifying agency | LK-CoDNM |
| Description conventions | LK-CoDNM |
| 041 ## - LANGUAGE CODE | |
| Language code of text/sound track or separate title | Sinhala; Sinhalese |
| -- | |
| 080 ## - UNIVERSAL DECIMAL CLASSIFICATION NUMBER | |
| Universal Decimal Classification number | R |
| Item number | 4 |
| 942 ## - ADDED ENTRY ELEMENTS (KOHA) | |
| Koha item type | Palm Leaf |
| 245 ## - TITLE STATEMENT | |
| Title | සුභසූත්ර සන්නය |
| 246 ## - VARYING FORM OF TITLE | |
| Title proper/short title | Subhasuthra Sannaya |
| 300 ## - PHYSICAL DESCRIPTION | |
| Extent | Palm leaf,Foll 140,11in.x2in. |
| 500 ## - GENERAL NOTE | |
| General note | Incomplete |
| Withdrawn status | Lost status | Damaged status | Not for loan | Collection code | Permanent Location | Current Location | Date acquired | Full call number | Barcode | Koha item type |
|---|---|---|---|---|---|---|---|---|---|---|
| Ola Leaf Collection | Library National Museum Colombo - Sri Lanka | Library National Museum Colombo - Sri Lanka | 2023-07-14 | R 4 | PL704 | Palm Leaf |


